[Event "Biel MTO op"]
[Site "Biel"]
[Date "2000.07.28"]
[Round "5"]
[White "Sundararajan, Kidambi"]
[Black "Pelletier, Yannick"]
[Result "0-1"]
[WhiteElo "2406"]
[BlackElo "2474"]
[Annotator "Pelletier,Y"]
[PlyCount "112"]
[EventDate "2000.07.24"]
[EventType "swiss"]
[EventRounds "11"]
[EventCountry "SUI"]
[SourceTitle "CBM 077 Extra"]
[Source "ChessBase"]
[SourceDate "2000.09.14"]
[SourceVersion "1"]
[SourceVersionDate "2000.09.14"]
[SourceQuality "1"]

1. d4 d5 2. c4 c6 3. Nc3 Nf6 4. e3 e6 5. Nf3 Nbd7 6. Bd3 dxc4 7. Bxc4 b5 8. Bd3
Bb7 9. e4 b4 10. Na4 c5 11. e5 Nd5 12. dxc5 Nxc5 13. Bb5+ Nd7 14. Bg5 Qa5 15.
Bxd7+ Kxd7 16. O-O Be7 17. a3 {Zu meinem Glück hatte der indische Spieler
''vergessen'', ein Blick ins Bulletin zu werfen. Er kannte also meine Partie
der vorgehenden Runde gegen Galkin nicht.} Rhc8 $1 18. Bxe7 Kxe7 19. Ng5 Nf4 $1
{Dies war Galkins Vorschlag während unserer post-mortem Analyse. Seine Idee
ist in der Tat sehr originell.} 20. Qd6+ Ke8 21. Nxh7 Ng6 {Die Drohungen
werden abgewehrt und der Bauer e5 angegriffen. Ziel Nummer eins für Schwarz
lautett aber Damentausch.} 22. axb4 Qxe5 23. Qxe5 Nxe5 {Die Stellung liegt im
Bereich des Gleichgewichts, aber wieder ist es Weiss, der darum bemüht ist,
den richtigen Weg zu finden.} 24. Nc5 (24. Ng5 Rc4) 24... Bd5 (24... Rxc5 25.
bxc5 f6 26. Rfe1 {ist vermutlich mit weissem Vorteil verbunden.}) 25. Ng5 Nc6 (
25... Rcb8 $6 26. Na6 Rb7 27. Rfc1) 26. Nge4 Ke7 27. Ra4 Rcb8 28. Nc3 Rxb4 29.
Nxd5+ exd5 $15 {Dank des Freibauern und des aktiveren Königs hat Schwarz die
besseren Karten.} 30. Ra6 Kd6 31. Nd3 Rb6 (31... Rb3 $6 32. Ne5 $1) (31... Rc4
32. b3 Rc3 33. Nb4) 32. Rxb6 $6 (32. Rfa1 Re8 33. Kf1 {sollte besser sein.})
32... axb6 33. Re1 Nd4 34. Kf1 Rc8 35. Rc1 ({Da ein Turm auf c2 nicht viel
schadet, war} 35. Rd1 {vorzuziehen.}) 35... Rc4 36. Ke1 Nb3 37. Rc3 $6 ({
Weiss sollte die Türme behalten, da das kommende Endspiel sehr kompromittiert
ist.} 37. Rd1 {erscheint wieder geeignet.}) 37... Rxc3 38. bxc3 d4 39. cxd4 Kd5
40. h4 (40. Ne5 f6 41. Nd7 b5 42. Nf8 b4) 40... Kxd4 {Dank des entfernten
Freibauern stehen die schwarzen Aktien sehr hoch.} 41. Ke2 Nc5 $1 42. Nxc5 $2 (
{Da das Bauernendspiel gewonnen ist, sollte Weiss die Springer behalten} 42.
Nb4 b5 $17) 42... bxc5 $1 ({Nach} 42... Kxc5 $2 {ist der Freibauer noch
entfernter, aber Weiss remisiert dank aktives Spiels am Königsflügel:} 43. g4
Kd4 44. h5 f6 (44... Ke5 $2 {verliert sogar wegen} 45. g5 Kf5 46. f4 $1 f6 47.
g6 $1) 45. f4 Ke4 46. g5 fxg5 47. fxg5 Kf5 48. h6 $11) 43. Kd2 f5 $2 {Kurz
nachdem ich den Zug gespielt hatte, verstand ich, dass er falsch war.} ({
Es gewann} 43... f6 $1 44. Kc2 f5 45. h5 ({oder} 45. Kd2 c4) 45... c4 46. Kd2
c3+ 47. Kc2 Kc4 48. g3 (48. f3 f4) 48... Kd4 49. f3 Ke3 50. g4 fxg4 51. fxg4
Kf4 52. Kxc3 Kxg4 {usw.}) 44. h5 $1 c4 45. Kc2 c3 46. Kc1 $2 {Ein
unglaublicher Fehler. Mein Gegner schätzte seine Lage sowieso als hoffnungslos
und suchte nicht mehr nach einer Rettung.} (46. g3 $1 {Das ist eine Stellung
beiderseitiges Zugzwangs. Wer ziehen muss verfehlt sein Ziel (siehe Varianten
bei 43...f6)} Ke4 (46... Kc4 47. f3 Kd4 48. g4 fxg4 49. fxg4 Ke4 50. g5 Kf5 51.
h6 $11) 47. Kxc3 Kf3 48. Kd4 Kxf2 49. Ke5 Kxg3 50. Kxf5 Kh4 51. Kg6 $11) 46...
Kd3 47. Kd1 c2+ 48. Kc1 Kc3 49. g3 (49. f3 f4) (49. f4 Kd3 50. g3 Kc3) 49...
Kd3 50. f3 Ke3 51. g4 fxg4 52. fxg4 Kf4 53. Kxc2 Kxg4 54. h6 gxh6 55. Kd2 Kf3
56. Ke1 Kg2 {Wie so oft scheitert man um ein Tempo!} 0-1

[Event "Bundesliga 9899"]
[Site "Germany"]
[Date "1998.12.12"]
[Round "5.3"]
[White "Pelletier, Yannick"]
[Black "Mueller, Karsten"]
[Result "1-0"]
[WhiteElo "2525"]
[BlackElo "2545"]
[Annotator "Pelletier,Y"]
[PlyCount "61"]
[EventDate "1998.10.17"]
[EventType "team-tourn"]
[EventRounds "15"]
[EventCountry "GER"]
[SourceTitle "GER-chT"]
[Source "ChessBase"]
[SourceDate "1999.07.01"]
[SourceVersion "1"]
[SourceVersionDate "1999.07.01"]
[SourceQuality "1"]
[WhiteTeam "Zaehringen"]
[BlackTeam "Hamburger SK"]
[WhiteTeamCountry "GER"]
[BlackTeamCountry "GER"]

1. d4 d5 2. c4 c6 3. Nf3 Nf6 4. Nc3 e6 5. e3 Nbd7 6. Bd3 dxc4 7. Bxc4 b5 8. Bd3
Bb7 9. e4 b4 10. Na4 c5 11. e5 Nd5 12. dxc5 Bxc5 (12... Nxc5 $5 13. Bb5+ Nd7
14. Bg5 Qa5 15. Bxd7+ Kxd7 {[%csl Gd5,Rd7] ist eine von Schwarz oft
unterschätzte Alternative.}) 13. Nxc5 Nxc5 14. Bb5+ Kf8 (14... Ke7 {ist kaum
besser. Weiss kann mit} 15. O-O Qb6 16. Qe2 h6 17. Be3 $5 {oder 15.Qd4 Qb6 16.
Bc4 weiterfahren.}) 15. O-O Qb6 (15... Ba6 16. Bxa6 Nxa6 17. a3 {gibt Weiss
die Initiative.}) ({In der einzigen Partie, wo ich diese Stellung als
Schwarzer spielte (Schnellpartie gegen Bacrot in Lausanne 1999) versuchte ich} 
15... Rc8 {musste aber einsehen, dass Weiss nach} 16. a3 $1 a5 17. axb4 axb4
18. Bd2 Qb6 19. Bc4 h6 20. Rc1 {besser steht.}) 16. Bc4 h6 17. h4 (17. Bd2) ({
und} 17. Nd4 {sind brauchbare Alternativen. Der Textzug soll den Königsflügel
leicht unter Druck setzen.}) 17... Rc8 (17... Rd8 18. Qe2 (18. Qd4 Ne7 19. Qg4
h5) 18... g6 19. a3 $14) 18. a3 $1 {Wie früher schon gesehen, ist dieser Zug,
wenn am richtigen Moment gespielt, sehr lästig, da der schwarze Damenflügel
auch schwach werden kann.} a5 (18... b3 $5 {[%csl Ra1] mit dem Ziel, den
Damenflügel geschlossen zu halten, war interessant.} 19. Bd2 (19. a4 Ba6 $1)
19... Ba6 $5 {wäre dann unklar.}) 19. axb4 axb4 (19... Qxb4 20. b3 $14 {
[%cal Yc1a3]}) 20. Qe2 g6 $6 (20... Ne7 $5 {[%csl Yb7][%cal Ye7f5,Yb7h1] ist
eine logische Umgruppierung, die Schwarz zur Verfügung hat. Es ist aber
verständlich, den Rh8 ins Spiel bringen zu wollen.}) 21. Rd1 Kg7 (21... Ne7 22.
Nd4 Kg7 23. Be3) 22. h5 (22. Rd4 Ne7 $1) 22... g5 23. Rd4 Ra8 $2 {verpasst den
gegnerischen Schlag auf die Königsstellung.} ({Notwendig war} 23... Ne7 {
, obwohl Weiss nach} 24. Rg4 Nf5 25. Bd2 {[%csl Rb4,Yg4,Rg5][%cal Yg4g7,Yg4b4]
die leicht besseren Perspektiven behält.} (25. Nxg5 $2 hxg5 26. Bxg5 Kf8 {
ist hingegen etwas optimistisch.})) 24. Rxa8 Rxa8 {[%mdl 640]} 25. Nxg5 $1 {
[%csl Gh5][%cal Gh5h8] Die wahre Stärke des weissen Angriffs besteht in dem
Umstand, dass der schwarze König kaum zum anderen Flügel flüchten kann, ohne
dem h-Bauern freie Bahn zu lassen.} Ra1 $2 {Man musste das Opfer sofort
annehmen:} (25... hxg5 26. Bxg5 (26. Qg4 Rg8 27. Qxg5+ (27. Bxg5 Kh7) 27... Kf8
28. Qh6+ Ke8 29. Bxd5 Bxd5 30. Rxd5 $1 Qc6 31. Qh7 Rxg2+ 32. Kxg2 Qxd5+ 33. f3
Qxe5 34. Qg8+ Kd7 35. Qxf7+ Kc6 36. Qf4 Qxh5 37. Qxb4 {ist zwar besser, aber
schwer zu gewinnen.}) 26... Rg8 (26... Nd7 27. Rg4 Kh8 28. Qd2 $1 $16) 27. Rg4
Kh7 28. Qf3 {, wonach der weisse Angriff sicher gefährlich aber nicht
entscheidend ist.}) 26. Qd2 hxg5 (26... Nb3 {scheitert an} 27. Nxe6+ Qxe6 28.
Bxb3) ({, während} 26... Nd7 27. Nf3 Rxc1+ 28. Qxc1 Nxe5 29. Bxd5 Bxd5 30. Qe3
Nxf3+ 31. gxf3 {auch bald Schluss bedeuten sollte.}) 27. Qxg5+ (27. h6+ $1 Kf8
28. h7 {war viel kräftiger.}) 27... Kf8 28. h6 Rxc1+ 29. Qxc1 Nb3 30. Qg5 Qxd4
({oder} 30... Nxd4 31. h7) 31. Qd8# 1-0

[Event "Biel MTO op"]
[Site "Biel"]
[Date "2000.07.27"]
[Round "4"]
[White "Pelletier, Yannick"]
[Black "Galkin, Alexander"]
[Result "0-1"]
[WhiteElo "2474"]
[BlackElo "2587"]
[Annotator "Pelletier,Y"]
[PlyCount "94"]
[EventDate "2000.07.24"]
[EventType "swiss"]
[EventRounds "11"]
[EventCountry "SUI"]
[SourceTitle "CBM 077 Extra"]
[Source "ChessBase"]
[SourceDate "2000.09.14"]
[SourceVersion "1"]
[SourceVersionDate "2000.09.14"]
[SourceQuality "1"]

1. d4 d5 2. c4 e6 3. Nc3 c6 4. e3 Nf6 5. Nf3 Nbd7 6. Bd3 dxc4 7. Bxc4 b5 8. Bd3
Bb7 9. e4 b4 10. Na4 c5 11. e5 Nd5 12. dxc5 Nxc5 13. Bb5+ Nd7 14. Bg5 Qa5 15.
Bxd7+ Kxd7 16. O-O Be7 17. a3 ({Eine vorbereitete Neuerung gegenüber der
Partie Yusupov-Kramnik, Horgen 1995, die mit} 17. b3 $11 {weitergegangen war.
Mir war aber klar, dass Weiss bei richtiger schwarzer Spielweise auch in
diesem Fall auf keinen Vorteil rechnen darf. Nach etwa 40-minütiger Denkzeit
fand Alexander Galkin die stärkste Antwort.}) 17... Rhc8 $1 {Eine gute
Kontrolle von c4 ist der Schlüssel.} 18. axb4 ({Für} 18. Bxe7 Kxe7 19. Ng5 {
, siehe meine Partie der nächsten Runde!}) (18. Bd2 Ke8 19. axb4 Nxb4 {
bereitet dem Nachziehenden keine Schwierigkeiten.}) 18... Qxb4 19. Bd2 (19.
Bxe7 Kxe7 20. Qd3 Qc4 $5 21. Qxh7 $140 $2 (21. Qa3+ Ke8 $5) 21... Rh8 22. Qb1
$8 Qg4 23. Qc2 Nf4 $19) 19... Qc4 20. Nc3 Ke8 {Es ist schon der Anziehende,
der hier um Ausgleich kämpfen muss. Bei Schwarz ist der König ausser Gefahr,
während die Figuren klar aktiver sind.} 21. Ra4 Qd3 (21... Nxc3 22. Bxc3 Bxf3
23. Rxc4 Bxd1 24. Rxc8+ Rxc8 25. Rxd1 $11) 22. Rg4 (22. Rd4 Nxc3 23. Bxc3 Qxd1
24. Rfxd1 Bxf3 25. gxf3 $15) (22. Ne4 Qc2) 22... Nxc3 23. bxc3 ({Logischer war
} 23. Bxc3 Qxd1 24. Rxd1 Bxf3 25. gxf3 g6 $15 {/=}) 23... Bxf3 24. Qxf3 (24.
gxf3 Rd8) 24... Qxf3 ({Natürlich nicht} 24... Qxd2 $2 25. Rxg7 $18) 25. gxf3 g6
26. Ra4 {Ich schätzte diese Stellung als leicht haltbar ein, aber das sollte
etwas optimistisch sein. Weiss muss noch aufpassen.} Bc5 27. c4 $2 ({Erlaubt
die Aktivierung der schwarzen Kräfte. Solche musste mittels} 27. Rb1 {
verhindert werden, da nun} Rab8 28. Rxb8 Rxb8 29. Be3 {zum Ausgleich führt.
Und falls Schwarz von 27...Rab8 Abstand nimmt, setzt Weiss mit c4 und Be3 fort.
}) 27... Rab8 $1 28. Be3 Rb3 29. Re1 $6 ({Obwohl das Doppelturmendspiel nach} 
29. Bxc5 Rxc5 30. Rxa7 Rxf3 31. Rb1 Kf8 {unerfreulich ist, sollte ich trotzdem
meine Chance dort versuchen.}) 29... Bb4 $1 30. Rc1 a5 31. Bb6 Rc3 $1 32. Rxc3
Bxc3 33. c5 Kd7 {Der schwarze König greift ins Geschehen mit entscheidendem
Effekt ein.} 34. Rf4 Kc6 $1 35. Rxf7 Ra8 (35... a4 36. Ra7 Kb5 $17) 36. Bxa5 {
Der Läufer muss sich opfern, da der schwarze Freibauer später nicht zu stoppen
ist.} ({Die Version} 36. Rc7+ Kb5 37. Bxa5 Kxa5 38. Rxh7 (38. f4 Rh8) 38...
Bxe5 39. c6 Kb6 40. Re7 Rh8 41. Rxe6 Bxh2+ 42. Kg2 g5 {rettet auch nicht.})
36... Rxa5 37. Rxh7 Bxe5 38. Rh6 Ra7 $5 39. Rxg6 (39. f4 Bxf4 40. Rxg6 Kd5)
39... Rg7 40. Rg4 Kxc5 41. Kg2 Kd5 42. h4 Rxg4+ 43. fxg4 Ke4 44. f3+ Ke3 45. g5
Kf4 46. Kf2 Bh8 47. Ke2 Kg3 0-1

[Event "FRA-chT"]
[Site "France"]
[Date "1999.??.??"]
[Round "8"]
[White "Pinter, Jozsef"]
[Black "Pelletier, Yannick"]
[Result "1/2-1/2"]
[WhiteElo "2585"]
[BlackElo "2483"]
[Annotator "Pelletier,Y"]
[PlyCount "77"]
[EventDate "1999.02.??"]
[EventType "team"]
[EventRounds "11"]
[EventCountry "FRA"]
[SourceTitle "CBM 071"]
[Source "ChessBase"]
[SourceDate "1999.08.01"]
[SourceVersion "1"]
[SourceVersionDate "1999.08.01"]
[SourceQuality "1"]

1. d4 d5 2. c4 c6 3. e3 Nf6 4. Nc3 e6 5. Nf3 Nbd7 6. Bd3 dxc4 7. Bxc4 b5 8. Bd3
Bb7 9. O-O b4 {Das führt zu ruhigeren Stellungen als nach 9...a6 10.e4 c5 11.
d5. Es gibt auch (deshalb) weniger forcierte Varianten zu kennen.} 10. Ne4 Be7
11. Nxf6+ Nxf6 12. e4 ({Die Einschaltung von} 12. a3 a5 {kann für Weiss in
einigen Varianten nützlich sein.}) 12... O-O 13. Qe2 {Dieser Zug wird in den
letzten Jahren am meisten angewendet, wahrscheinlich aus der Erkenntnis heraus,
dass die Alternativen nicht viel einbringen:} (13. e5 Nd7 14. Be4 ({oder} 14.
Qc2 h6 15. Bh7+ Kh8 16. Be4 Qb6 17. Be3 c5 18. dxc5 Nxc5 $1 19. Bxb7 Qxb7 {
Van der Sterren-Piket, Antwerpen 1996}) 14... Rb8 15. Qc2 h6 16. Be3 c5 17.
Bxb7 Rxb7 18. Rfd1 Qc8 19. dxc5 Nxc5 20. Rac1 Rd8 $1 $11 {Karpov-Antunes,
Tilburg 1994}) 13... c5 14. dxc5 Nd7 ({Auf} 14... Rc8 {ist (aus meiner Sicht
komischerweise) 15.a3 die meist angewandte Replik; nach 15...bxa3 16.b4 a5
verflacht aber das Spiel sofort.} {Viel gefährlicher sind} 15. Rd1 Qc7 16. c6
$1 Bxc6 17. Nd4 Ba8 18. e5 Nd7 19. Bf4 {[%csl Rd6] wie in Sadler-Ioseliani,
TWch-Luzern 1997 oder 15.Bd2 Bxc5 16.e5, Lautier-Piket, Monaco m/7 1996. Ich
möchte nicht behaupten, dass der Textzug 14...Nd7 für Schwarz ausgleicht, doch
die weisse Initiative erscheint mir weniger gefährlich.}) 15. c6 Bxc6 16. Be3
Bb7 17. Rfc1 $5 {Ich glaube auch, dass Weiss diesen Turm auf c1 stellen sollte,
und nicht den anderen.} (17. Rac1 {ermöglicht nämlich} Qa5 $1 (17... Qb8 18.
Bb5 $1 Nf6 19. Nd4 $16) 18. Bb5 Nf6 $5 {mit der bis jetzt noch unentdeckten
taktischen Ressource} 19. Nd4 Rac8 20. Nc6 Rxc6 $1 (20... Bxc6 21. Bxc6 $14)
21. Bxc6 Ba6 22. Qd1 Bxf1 23. Qxf1 Bd6 {, die etwa gleiche Chancen ergibt.})
17... Qb8 {Sollte man diesen Zug tadeln? Die Tatsache ist, dass Weiss dann die
Möglichkeit hat, in Vorteil zu kommen. Doch ist die Stellung nach 17.Rfc1
nicht schon vorzuziehen?} ({Ich konnte mich an eine alte Partie Vaganians
erinnern, die mit} 17... Bd6 {weitergegangen war. Während der Partie
befürchtete ich aber} 18. Rd1 $5 (18. Bd4 Qb8 19. a3 a5 20. g3 Rd8 21. axb4
axb4 22. Rxa8 Qxa8 23. b3 Rc8 24. Ra1 Qb8 25. Bc4 Ne5 26. Nxe5 Bxe5 27. Rd1 g6
28. Qe3 Rd8 $11 {Savon-Vaganian, URS-ch Riga 1970}) 18... Qb8 19. Rac1 Ne5 20.
Nxe5 Bxe5 21. h3 Rd8 22. Rc2 {Obwohl Weiss hier etwas besser steht, würde ich
in einer nächsten Partie 17...Bd6 bevorzugen.}) 18. g3 $6 {Die Idee Bf4 ist zu
einfach und erlaubt es dem Nachziehenden, dank eines Turmtausches seine
Stellung zu erleichtern.} ({Im Falle von} 18. Nd4 Bd6 (18... Nc5 19. Nc6 Bxc6
20. Bxc5 Bxc5 21. Rxc5 Qd6 22. Rac1 $36) (18... Ne5 19. Bb5 $14) 19. Bb5 $1 {
[%csl Rc6]}) ({oder noch besser} 18. Bb5 $5 Nf6 (18... Ne5 19. Nd4) 19. Nd4 {
würde Weiss über die besseren Aussichten verfügen.}) 18... Rc8 (18... a6 $5)
19. Bf4 (19. Rxc8+ Qxc8 20. Rc1 Qd8) 19... Rxc1+ (19... e5 $6 20. Rxc8+ Bxc8
21. Be3 Nc5 22. Bxc5 Bxc5 23. Bc4 {kam kaum in Betracht.}) 20. Rxc1 Qd8 21. Bc7
(21. Rc7 $2 Nc5) 21... Qf8 22. Ba6 Qc8 $5 {Die Dame gehört zum Damenflügel,
den sie nur kurz verlassen musste; sie soll eigentlich den Bb7 ersetzen.} (
22... Bxa6 23. Qxa6 Nc5 24. Qc4 $14) 23. Bf4 Nc5 24. Bxb7 (24. Bd3 Qd8 25. Bb1
Rc8 $11) 24... Qxb7 25. Rc4 Rd8 ({Nach der Partie überzeugten wir uns von der
Tatsache, dass Schwarz b2-b3 nicht erlauben durfte. So schlimm ist die
schwarze Stellung nach dem Textzug sicher nicht, aber} 25... b3 {wäre
einfacher gewesen:} 26. axb3 (26. a3 Rd8 $13) 26... Qxb3 27. Be3 Qd3 28. Qxd3
Nxd3 29. b3 a5 {mit fast ausgeglichener Stellung.}) 26. b3 h6 (26... Nd3 27.
Be3 e5 28. Bd4 $1 $14) 27. Be5 $6 ({Mit diesem Zug büsst Weiss seinen Vorteil
ein. Während der Partie befürchtete ich} 27. Ne5 $1 {sehr, sah aber, dass ich
mich dank} a5 28. Qc2 (28. Qg4 Nxe4 $1 29. Nc6 Rd5 30. Bxh6 Ng5 31. Nxe7+ Qxe7
$11) 28... Bf8 $1 {noch vor Materialverlust retten konnte. Die Stellung nach}
29. Be3 (29. Rxc5 $2 Bxc5 30. Qxc5 Rd1+ 31. Kg2 Qxe4+ {mit Initiative.}) 29...
Nd7 30. Nc6 (30. Rc7 $6 Qb5 31. Nc6 Ne5 $1) 30... Ra8 {erweckt aber kein
Vertrauen.}) 27... f6 28. Bb2 a5 29. Qc2 $6 {Es war nicht leicht vorauzusehen,
dass Schwarz in ein paar Zügen einen starken Angriff wird entwickeln können.} (
{Nach} 29. Nd4 {würde} Qxe4 $2 30. Qxe4 Nxe4 31. Nc6 Rd1+ 32. Kg2 {nicht
funktionnieren, auch im Fall eines Opfers auf f2. Deshalb hätte ich
wahrscheinlich 29...Bf8 den Vorzug gegeben.}) 29... Nd3 30. Bc1 (30. Ba1 Bc5 $1
{macht keinen grossen Unterschied, während}) (30. Bd4 Qxe4 31. Bb6 Qxf3 32.
Bxd8 Bc5 $1 {rasch zum Sieg führt.}) 30... Bc5 $1 31. Rxc5 Qxe4 $5 {Eine
überraschende Ressource, die schwieriger zu bekämpfen ist, als} (31... Nxc5 32.
Qxc5 Qxe4 33. Kg2 $1 Rd3 34. Be3 g5 35. h3 h5 36. Qe7 {mit folgendem
Dauerschach.}) 32. Qd1 (32. Rc8 Rxc8 33. Qxc8+ Kh7 34. Be3 Qxf3 35. Qxe6 Ne1
36. Kf1 Nc2 {gäbe Schwarz immer noch etwas Angriff.}) 32... Qa8 {Zwar
effektvoll, aber auch erzwungen.} 33. Rc4 $2 {Falsch.} ({Weiss musste
unbedingt Chancen gegen den gegnerischen König suchen, nämlich durch} 33. Rc7
$1 Nf4 $1 ({und nicht} 33... Nxc1 $2 34. Qxc1 Qxf3 35. Rxg7+ $1 Kxg7 36. Qc7+
Kg6 37. Qxd8 Qe2 38. Qxa5 Qe1+ 39. Kg2 Qe4+ 40. Kh3 {mit einigen Chancen für
Weiss.}) 34. Bd2 (34. Rd7 Rxd7 35. Qxd7 Ne2+ 36. Kg2 Nxc1 37. Qxe6+ Kh8 $15)
34... Nd5 35. Rc1 (35. Rxg7+ Kxg7 36. Nd4 Rd6 37. Qg4+ Kf7 $15) 35... Nc3 36.
Qe1 Qxf3 37. Bxc3 bxc3 38. Rxc3 Rd1 39. Rxf3 Rxe1+ 40. Kg2 {mit Ausgleich.})
33... Nxc1 $6 ({Die Zeit fing an, ein bisschen zu fehlen, und ich begnügte
mich mit der Berechnung der Folge} 33... Ne5 34. Nd2 Nxc4 35. bxc4 {, ohne den
starken Zentralisierungszug} Qe4 $1 {[%csl Rc1,Rd1,Rd2][%cal Yd8d1] zu sehen,
der die schwarze Dominanz gesichert hätte.}) 34. Rd4 (34. Qxc1 Qxf3 35. Rc8 Qd5
$17) 34... Rxd4 (34... Rc8 $5 35. Rd2 Qe4 {war ebenfalls vorteilhaft.}) 35.
Nxd4 Qd5 $2 ({Ich verzichtete auf} 35... Nxa2 36. Nxe6 Qe8 $1 37. Qg4 Qd7 {
wegen} 38. Qc4 {, aber am nächsten Tag erklärten mir mein Gegner und sein
Landsmann Gabor Kallai, dass ich mit} Nc3 $1 {immer noch im Vorteil war.}) 36.
Qxc1 Qxd4 37. Qc8+ Kh7 (37... Kf7 38. Qc7+ Kg6 39. Qxa5) 38. Qxe6 Qa1+ 39. Kg2
1/2-1/2